| 000 | 00395cam a2200157ua 4500 | ||
|---|---|---|---|
| 041 |
_ahin _h |
||
| 082 |
_a891.54 _bVAS/AM |
||
| 100 | _aVasudev, . | ||
| 245 |
_aAmar Shaheed Sardar Bhagat Singh / _cVasudev. _hTextual Documents |
||
| 250 |
_a2 / _b. |
||
| 260 |
_aVaranasi : _bHindi Pracharak Pusthakalayam , _c1959. |
||
| 300 | _a40 ; . | ||
| 504 | _a | ||
| 942 | _cBK | ||
| 999 |
_c6366 _d6366 |
||